| 000 | 00453nam a2200169Ia 4500 | ||
|---|---|---|---|
| 003 | GCL | ||
| 008 | 140319s9999 xx 000 0 eng d | ||
| 040 |
_aGCL / _cGCL |
||
| 082 | 0 | 4 |
_a330.12 _bS C |
| 100 | 1 | _aL EITCH, R.R | |
| 245 | 1 | 0 |
_aCOMPARATIVE ECONOMIC SYSTEMS, 6th Ed / _cL EITCH, R.R |
| 260 |
_a[S.N] : _bMACMILLAN PUBLISHING COMPANY ، _c1994 |
||
| 300 | _a422 P | ||
| 650 | 0 | 4 | _aECONOMICS |
| 650 | 0 | 4 | _aECONOMICS - THEORIES |
| 942 |
_2ddc _cBK |
||
| 999 |
_c18441 _d18441 |
||